000 00512nam a2200193Ia 4500
005 20250923145415.0
008 008 250917s9999 xx 000 0 eng d
037 _aTextual
040 _aDSWL
_beng
_cDSWL
041 _aeng
_2eng
084 _aY15a-2, N77
_qDSWL
245 2 _aA select bibliography on women in India
260 _aBombay
_bAllied
300 _ax,131 p.
365 _aINR
_b17 . 50
925 _g17 . 50
942 _cTEXL
_hY15a-2, N77
999 _c1450995
_d1450995